000
00322nam a2200133 a 4500
005
20141022142009.0
008
120228s19uu xx 00 eng d
050
_a
CD-ROM
_b
G79 2009
100
_a
Gray, Clifford
245
_a
Project management /
_c
Clifford Gray.
250
_a
4th ed.
260
_c
2009.
942
_c
AVM
999
_c
276640
_d
276640